Cuba: las desigualdades se tornan visibles. Consecuencias de la economía de escasez y reformas /

Tallennettuna:
Bibliografiset tiedot
Päätekijä: Hansing, Katrin
Muut tekijät: Optenhögel, Uwe
Aineistotyyppi: Teksti
Tagit: Lisää tagi
Ei tageja, Lisää ensimmäinen tagi!

MARC

LEADER 00000 a a2200000 04500
001 48751
003
040
100 |a Hansing, Katrin  
245 |a Cuba:   |b las desigualdades se tornan visibles. Consecuencias de la economía de escasez y reformas /  |c Katrin Hansing, Uwe Optenhögel  
700 |a Optenhögel, Uwe  
773 |a número255, (2015), páginas 4-18  
999 |c 20225  |d 20225